1m+ World Cities with Declining Population - Statistics

General Stats
  • This quiz has been taken 48 times
  • The average score is 17 of 23
Answer Stats
Country % Decline Answer % Correct
Ukraine -0.07% Kiev
100%
Lebanon -0.96% Beirut
98%
Japan -0.21% Tokyo
98%
Romania -0.50% Bucharest
95%
United States -1.98% New York City
95%
Japan -0.24% Osaka
95%
United States -1% Chicago
93%
Bulgaria -0.08% Sofia
90%
United States -0.66% Los Angeles
88%
Puerto Rico -0.12% San Juan
88%
United States -1.09% Philadelphia
85%
United States -2.60% San Francisco
83%
Japan -0.28% Sapporo
83%
Japan -0.23% Nagoya
80%
Japan -0.23% Hiroshima
75%
Ukraine -0.22% Kharkiv
75%
Japan -0.22% Fukuoka
65%
Japan -0.16% Sendai
45%
Ukraine -0.09% Odesa
40%
Russia -0.06% Samara
40%
United States -0.01% Dallas
35%
Japan -0.18% Shizuoka
20%
Russia -0.04% Nizhniy Novgorod
5%
No matching quizzes found
Score Distribution
Percent of People with Each Score
Percentile by Number Answered
Your Score History
You have not taken this quiz